Die teuersten Fußballtransfers - Saison 2016-2017 - Statistiken

Allgemein
  • Dieses Quiz wurde 56 mal gespielt
  • Das Durchschnittsergebnis liegt bei 8 aus 10
Antwortstatistiken
Ablöse (M €) Nationalität Abgebender Verein Aufnehmender Verein Spieler % Korrekt
105,00 Frankreich Juventus Turin Manchester United Paul Pogba
100%
52,00 Deutschland FC Schalke 04 Manchester City Leroy Sané
98%
45,00 Schweiz Bor. M'gladbach FC Arsenal Granit Xhaka
96%
41,20 Senegal Southampton FC Liverpool Sadio Mané
94%
60,00 Brasilien FC Chelsea Shanghai SIPG Oscar
90%
90,00 Argentinien SSC Neapel Juventus Turin Gonzalo Higuaín
88%
56,00 Brasilien Zenit S-Pb Shanghai SIPG Hulk
84%
42,00 Armenien Borussia Dortmund Manchester United Henrikh Mkhitaryan
69%
55,60 England FC Everton Manchester City John Stones
55%
44,78 Portugal Sporting Inter Mailand João Mário
14%
Keine übereinstimmenden Quizze gefunden
Verteilung der Resultate
Anzahl Personen mit jedem Resultat
Perzentil nach korrekt beantworteten Fragen
Ihre Resultats-Entwicklung
Sie haben dieses Quiz noch nicht gespielt